• 首页
  • 本馆介绍
  • 公告通知
  • 最新文献
  • 馆藏检索
  • 电子资源
  • 读者荐购
  • 参考咨询
  • CALIS
  • 我的图书馆
  • 登录
  • 详细信息显示
  • 放入我的书架
  • 预约/预借图书
  • 作者相关作品
  • 分类相关作品
  • 丛书相关作品
  • 出版社相关作品

书目信息

  • 表格格式
  • 工作单格式
  • 卡片格式
题名:
钢铁产业与循环经济
    
 
作者: 方儒康 , 孙辰 编著
分册:  
出版信息: 北京   中国轻工业出版社  2009.01
页数: 396页
开本: 24cm
丛书名:
单 册:
中图分类: F426.31
科图分类:
主题词: 工业经济--中国
电子资源:
ISBN: 978-7-5019-6587-8
 
 
 
 
 
000 00688nam0 2200241 45
001 0934539390
005 20091112110111.71
010    @a978-7-5019-6587-8@dCNY56.00
100    @a20090515d2009 ekmy0 y0120 ea
102    @aCN@b130000
102    @aCN@b110000
105    @ay z 000yy
200 1  @a钢铁产业与循环经济@f方儒康,孙辰编著@Ffang ru kang,sun chen bian zhu
210    @a北京@c中国轻工业出版社@d2009.01
210    @a北京@c中国轻工业出版社
215    @a396页@d24cm
606 0  @a工业经济@x中国
690    @aF426.31@v4
701  0 @a方儒康@Afang ru kang@4编著
701  0 @a孙辰@Asun chen@4编著
801  0 @aCN@c20091112
905    @a10447@dF426.31@eF220
906    @d56@n2@r1
    
    钢铁产业与循环经济/方儒康,孙辰编著.-北京:中国轻工业出版社,2009.01.-北京:中国轻工业出版社
    396页;24cm
    
    
    ISBN 978-7-5019-6587-8:CNY56.00
    
●
相关链接 在E读中查询图书 在当当中查询图书 在豆瓣中查询图书


正题名:钢铁产业与循环经济     索取号:F426.31/F220         预约/预借

序号 登录号 条形码 馆藏地/架位号 状态 备注
1 893558   208935580   社科库409/409社科库 36排2列2层/ [索取号:F426.31/F220] 在馆    
2 893559   208935599   社科二线422/409社科库 36排2列4层/ [索取号:F426.31/F220] 在馆    
河南城建学院图书馆 欢迎您!
大连网信软件有限公司© 版权所有